[Event "COL-ch Universities"]
[Site "Bogota"]
[Date "2015.10.07"]
[Round "5"]
[White "Ospina, Carl Erik"]
[Black "Mena Borja, Brayan"]
[Result "1-0"]
[WhiteElo "1970"]
[BlackElo "1736"]
[PlyCount "43"]
[EventDate "2015.10.05"]
[EventType "swiss"]
[EventRounds "6"]
[EventCountry "COL"]
[SourceTitle "CBM 168 Extra"]
[Source "ChessBase"]
[SourceDate "2015.10.29"]
[SourceVersion "1"]
[SourceVersionDate "2015.10.29"]
[SourceQuality "1"]

1. e4 d5 2. exd5 Qxd5 3. Nc3 Qa5 4. d4 Nf6 5. Bc4 c6 6. Bf4 Bf5 7. Nge2 e6 8. 0-0 Be7 9. a3 Nh5 10. Be3 Qc7 11. f3 Nf6 12. Bf4 Bd6 13. Bxd6 Qxd6 14. b4 Nbd7 15. Bd3 Bxd3 16. Qxd3 0-0 17. f4 a5 18. Rab1 axb4 19. axb4 Ra3 20. Qd2 e5 21. Qc1 Rxc3 22. dxe5 1-0

[Event "COL-ch Amateur"]
[Site "San Andres Islas"]
[Date "2013.03.16"]
[Round "7"]
[White "Mena Borja, Brayan"]
[Black "Aguilar, Hernando"]
[Result "1-0"]
[WhiteElo "1636"]
[BlackElo "1862"]
[PlyCount "45"]
[EventDate "2013.03.13"]
[EventType "swiss"]
[EventRounds "9"]
[EventCountry "COL"]
[SourceTitle "CBM 153 Extra"]
[Source "ChessBase"]
[SourceDate "2013.04.22"]
[SourceVersion "1"]
[SourceVersionDate "2013.04.22"]
[SourceQuality "1"]

1. Nf3 d6 2. d4 c6 3. c4 Bf5 4. Nc3 h6 5. e4 Bh7 6. Bd3 Nd7 7. Bf4 Ngf6 8. 0-0 g5 9. Bg3 Nh5 10. Qc2 Nf4 11. Bxf4 gxf4 12. e5 Bxd3 13. Qxd3 dxe5 14. dxe5 Qc7 15. e6 fxe6 16. Qg6+ Kd8 17. Qxe6 Qd6 18. Qe2 Qg6 19. Rad1 Kc7 20. Rxd7+ Kc8 21. Rfd1 Rg8 22. g3 fxg3 23. hxg3 1-0

[Event "COL-ch Amateur"]
[Site "San Andres Islas"]
[Date "2013.03.15"]
[Round "5"]
[White "Mena Borja, Brayan"]
[Black "Corredor Rengifo, Luis Fernando"]
[Result "0-1"]
[WhiteElo "1636"]
[BlackElo "1952"]
[PlyCount "112"]
[EventDate "2013.03.13"]
[EventType "swiss"]
[EventRounds "9"]
[EventCountry "COL"]
[SourceTitle "CBM 153 Extra"]
[Source "ChessBase"]
[SourceDate "2013.04.22"]
[SourceVersion "1"]
[SourceVersionDate "2013.04.22"]
[SourceQuality "1"]

1. Nf3 c5 2. e3 Nc6 3. d4 e6 4. b3 cxd4 5. exd4 Bb4+ 6. c3 Be7 7. Bd3 Nf6 8. 0-0 d6 9. Re1 Qc7 10. a4 0-0 11. Bg5 h6 12. Bh4 e5 13. dxe5 dxe5 14. Nbd2 Rd8 15. Qc2 Bg4 16. Bg3 Nd7 17. Bb5 Bf6 18. Bxc6 bxc6 19. Qe4 Be6 20. Rac1 Nc5 21. Qc2 Nd3 22. Rcd1 Nxe1 23. Rxe1 Qd7 24. Bxe5 Bxe5 25. Rxe5 Qd3 26. Qb2 Rab8 27. b4 Re8 28. Re3 Qa6 29. Qc2 Bd5 30. h3 Rxe3 31. fxe3 Qe2 32. e4 Be6 33. Nd4 Qe3+ 34. Kh1 Rc8 35. N4f3 c5 36. b5 Rd8 37. Nf1 Qd3 38. Qf2 Qxc3 39. Ng3 Qa1+ 40. Kh2 Rc8 41. Qc2 Qa2 42. Qd1 c4 43. Qd4 g6 44. Qxa7 Qa3 45. b6 Qc5 46. Qa6 Qd6 47. e5 Qc6 48. Nd4 Qa8 49. Qxa8 Rxa8 50. a5 Bd5 51. e6 fxe6 52. Nxe6 Rxa5 53. Nc7 Bb7 54. Nf1 c3 55. Ne3 Ra2 56. Nb5 Rxg2+ 0-1

[Event "COL-ch Amateur"]
[Site "San Andres Islas"]
[Date "2013.03.14"]
[Round "4"]
[White "Guarin, Holmes"]
[Black "Mena Borja, Brayan"]
[Result "0-1"]
[WhiteElo "1832"]
[BlackElo "1636"]
[PlyCount "36"]
[EventDate "2013.03.13"]
[EventType "swiss"]
[EventRounds "9"]
[EventCountry "COL"]
[SourceTitle "CBM 153 Extra"]
[Source "ChessBase"]
[SourceDate "2013.04.22"]
[SourceVersion "1"]
[SourceVersionDate "2013.04.22"]
[SourceQuality "1"]

1. d4 e6 2. c4 f5 3. Nc3 Nf6 4. Bg5 c6 5. e4 fxe4 6. Nxe4 Qa5+ 7. Bd2 Qd8 8. Bd3 d5 9. Nxf6+ Qxf6 10. Nf3 Bd6 11. 0-0 h6 12. Qe2 0-0 13. Rae1 a6 14. Bc2 b5 15. c5 Bc7 16. Qd3 Qf5 17. Qc3 Qh5 18. Qd3 Rxf3 0-1

[Event "Cesar Cup 3rd"]
[Site "Valledupar"]
[Date "2012.10.20"]
[Round "1"]
[White "Romero, Oscar"]
[Black "Mena Borja, Brayan"]
[Result "1/2-1/2"]
[WhiteElo "1819"]
[BlackElo "1592"]
[PlyCount "45"]
[EventDate "2012.10.20"]
[EventType "swiss"]
[EventRounds "6"]
[EventCountry "COL"]
[SourceTitle "EXT 2015"]
[Source "ChessBase"]
[SourceDate "2014.11.20"]
[SourceVersion "1"]
[SourceVersionDate "2014.11.20"]
[SourceQuality "1"]

1. e4 d5 2. exd5 Qxd5 3. Nc3 Qa5 4. Nf3 Nf6 5. Bc4 Bg4 6. Qe2 e6 7. d3 Bb4 8. Bd2 Nc6 9. Bb5 Qb6 10. Bxc6+ Qxc6 11. h3 Bxf3 12. Qxf3 Qxf3 13. gxf3 0-0-0 14. a3 Ba5 15. Ne4 Bxd2+ 16. Kxd2 Nd7 17. f4 h6 18. Rag1 g6 19. Rg2 Nb6 20. Nc3 Rd7 21. Re1 Rhd8 22. f3 c5 23. b3 1/2-1/2